Ideario y ruta de la emancipación chilena

Kaydedildi:
Detaylı Bibliyografya
Yazar: Eyzaguirre Gutiérrez, Jaime (autor)
Materyal Türü: Kitap
Dil:İspanyolca
Baskı/Yayın Bilgisi: Santiago, Chile Universitaria 1976
Edisyon:Sexta edición
Seri Bilgileri:Imagen de Chile
Konular:
Etiketler: Etiketle
Etiket eklenmemiş, İlk siz ekleyin!

MARC

LEADER 00000cam a2200000 a 4500
001 UCE6287
003 CL-VaPUC
005 20231215105922.0
008 150402e19760000cl |||||||||||||||||spa|d
999 |c 358647  |d 358645 
040 |c Pontificia Universidad Católica de Valparaíso 
082 0 4 |a 983.04 EYZ 1976  |2 21 
100 |a Eyzaguirre Gutiérrez, Jaime  |e autor  |9 584583 
245 1 0 |a Ideario y ruta de la emancipación chilena 
250 |a Sexta edición 
260 |a Santiago, Chile  |b Universitaria  |c 1976 
300 |a 165 páginas 
490 0 |a Imagen de Chile 
583 |a last modification  |c 20150402 11:08:00  |k Rodrigo Vera 
650 0 |a Historia de Chile  |9 265473 
650 0 |a Guerra de independencia   |z CHILE  |9 327964 
650 0 |a Independencia de Chile  |9 440305 
852 |a BIBCUR 
942 |c BK  |2 ddc 
945 |d 20150402 11:08:00  |a dcastane 
952 |0 0  |1 0  |2 ddc  |3 erb  |4 0  |6 983_040000000000000_EYZ_1976  |7 0  |8 A  |9 467494  |a BIBHIS  |b BIBHIS  |i 5144604  |o 983.04 EYZ 1976  |p 5144604  |r 2025-01-20  |t 1  |w 2019-11-23  |y BK  |z Catalogado en:20150402  |k HIS